| 000 | 00363pab a2200145 454500 | ||
|---|---|---|---|
| 008 | 180718b2004 xxu||||| |||| 00| 0 eng d | ||
| 100 | _aNain, S.S. | ||
| 245 | _a12th SAARC summit: a landmark | ||
| 260 | _c2004 | ||
| 300 | _ap.12-17. | ||
| 362 | _aJun | ||
| 650 | _aSouth Asian Association for Regional Cooperation | ||
| 773 | _aThird Concept | ||
| 909 | _a61028 | ||
| 999 |
_c61028 _d61028 |
||